00298nam a2200121Ia 4500008004100000041001200041082001100053100001700064245006400081260000600145650000600151700001900157221030s9999 xx 000 0 und d aEnglish a105.23 aS. L. Kakani 2aA Text Book OF Electronicscby S. L. Kakani, K. C. Bhandari c0 aB aK. C. Bhandari